Squadra dell'anno AIC 2020 - Statistics

Statistiche generali
  • Questo quiz è stato fatto 11 volte
  • Il punteggio medio è 9 su 11
Statistiche sulle risposte
Ruolo Nazione Squadra Calciatore % Corretto
Portiere Italia Milan Gianluigi Donnarumma
100%
Attaccante Italia Lazio Ciro Immobile
90%
Attaccante Portogallo Juventus Cristiano Ronaldo
90%
Centrocampista Argentina Atalanta Alejandro Gómez
80%
Difensore Italia Juventus Leonardo Bonucci
80%
Centrocampista Italia Inter Nicolò Barella
80%
Attaccante Argentina Juventus Paulo Dybala
80%
Difensore Paesi Bassi Inter Stefan de Vrij
80%
Difensore Francia Milan Theo Hernández
80%
Centrocampista BaSpagna Lazio Luis Alberto
70%
Difensore Germania Atalanta Robin Gosens
70%
Nessun quiz corrispondente trovato
Distribuzione punteggi
Percentuale di utenti per punteggio
Percentile per numero di risposta
I tuoi punteggi nel tempo
Non hai fatto questo quiz